| 000 | 00479nam a2200205Ia 4500 | ||
|---|---|---|---|
| 999 |
_c141 _d141 |
||
| 001 | 40 | ||
| 003 | PK-LaUMT | ||
| 005 | 20221027110316.0 | ||
| 008 | 140311s9999 xx 000 0 und d | ||
| 020 | _a981214613x | ||
| 040 | _cPK-LaUMT | ||
| 082 |
_a005.3 _bNEI-A |
||
| 100 | _aNeibauer,Alan | ||
| 245 | 4 |
_aThe ABC's of WordPerfect 6 for DOS _cNeibauer,Alan |
|
| 260 |
_bTechmedia, _c1993. |
||
| 300 | _a309 p. | ||
| 546 | _aEN | ||
| 650 | _aWordPerfect | ||
| 942 |
_cSTK2001 _2ddc |
||